000 01093cab a2200241 4500
001 ABS55380
008 090401t1996 xxu||||| |||| 00| 0 eng d
035 _a(Sirsi) u16070
041 _aeng
245 _aProvident Mutual Life Assurance Association v Greater London Employers` Association Ltd
260 _c1996
350 _a0
490 _aEstates Gazette
_v(1996) 23 EG 129-131(3)
520 _aChD 28 February 1996. G occupied premises owned by P. G informed P by letter on 25 April 1994 that it would be leaving the premises at the end of the underlease which expired on 21 June 1994. P claimed that it was necessary for G to serve a notice under the Landlord and Tenant Act 1953 s27(2). "Held" Gwas obliged to serve a section 27(2) notice.
650 _aLANDLORD AND TENANT ACT 1954 S27(2)
650 _aPROVIDENT MUTUAL LIFE ASSURANCE ASSOCIATION V GREATER LONDON EMPLOYERS
650 _aSECTION 27 NOTICES
650 _aTERMINATION OF TENANCY
650 _aUNDERLEASE
690 _aLANDLORD AND TENANT-CASE LAW-BUSINESS TENANCIES
942 _n0
948 _c04/03/1997
999 _c10568
_d10568